| 000 | 00534nam a2200205Ia 4500 | ||
|---|---|---|---|
| 005 | 20230325104046.0 | ||
| 008 | 131103s9999 xx 000 0 und d | ||
| 040 | _aLoreto College | ||
| 041 | _aEnglish | ||
| 082 |
_a822.91 _bOCA |
||
| 100 | _aO'Casey,Sean | ||
| 245 |
_aThree more plays _cSean O'Casey;with an introduction by J.C.Trewin |
||
| 260 |
_aLondon _bMacmillan _c1965 |
||
| 300 | _a317 p. | ||
| 650 | _aO'Casey,Sean,1880 - 1964 | ||
| 651 | _aEnglish drama | ||
| 700 | _aTrewin,J.C. | ||
| 850 | _aLCLIB | ||
| 942 | _cBK | ||
| 999 |
_c4347 _d54826 |
||